| 000 | 00667nam a2200229Ia 4500 | ||
|---|---|---|---|
| 003 | OSt | ||
| 005 | 20220926014823.0 | ||
| 006 | a|||||r|||| 00| 0 | ||
| 007 | ta | ||
| 008 | 220923b |||||||| |||| 00| 0 eng d | ||
| 037 | _cGeneral Book | ||
| 040 |
_aRTL _cRTL _beng |
||
| 041 |
_2eng _aeng |
||
| 082 | _aX813.73,kM59.N6, K7.1-2 | ||
| 100 | _aBuley R Carlyle | ||
| 245 | 0 | _aEquitable life assurance society of the United Sat | |
| 260 |
_aNew York _bMeredith U S A _c1967 |
||
| 300 |
_axxviii, 1475p. _ccm. |
||
| 650 | _aLife Insurance | ||
| 942 |
_hX813.73,kM59.N6, K7.1-2 _cGB _2CC |
||
| 999 |
_c629905 _d629905 |
||